[Event "ch-FRA National B"]
[Site "Caen FRA"]
[Date "2011.08.15"]
[Round "1"]
[White "Wirig,A"]
[Black "Cornette,M"]
[Result "1/2-1/2"]
[WhiteElo "2510"]
[BlackElo "2568"]
[EventDate "2011.08.15"]

1. Nf3 Nf6 2. c4 g6 3. Nc3 d5 4. cxd5 Nxd5 5. g3 Nxc3 6. bxc3 b6 7. Bg2 Bb7
8. Qb3 e6 9. O-O Nd7 10. d4 Bg7 11. Ba3 Qc8 12. Rfe1 c5 13. e4 O-O 14. Rad1
Re8 15. h4 Qc7 16. h5 Rac8 17. hxg6 hxg6 18. Ng5 cxd4 19. cxd4 Qc3 20. e5
Bxg2 1/2-1/2

[Event "ch-FRA National B"]
[Site "Caen FRA"]
[Date "2011.08.15"]
[Round "1"]
[White "Abergel,T"]
[Black "Prie,E"]
[Result "1/2-1/2"]
[WhiteElo "2504"]
[BlackElo "2490"]
[EventDate "2011.08.15"]

1. d4 Nf6 2. Nf3 c5 3. d5 b5 4. c4 b4 5. Bg5 d6 6. Nbd2 h6 7. Bxf6 exf6 8.
Qc2 g6 9. e3 Bg7 10. Bd3 a5 11. O-O O-O 12. h3 f5 13. Nh2 Qf6 14. Rab1 Re8
15. a4 Nd7 16. Qd1 h5 17. Re1 Ra7 18. f4 Nb6 19. Nhf3 Rae7 20. Nf1 h4 21.
b3 Bh6 22. Qc2 Ba6 23. Rbd1 Qc3 24. Qb1 Qh8 25. Rd2 Bg7 26. Rde2 Bc3 27.
Rd1 Nd7 28. Ng5 Nf6 29. Rf2 Nh5 30. Kh2 Bc8 31. Qc2 Qf6 32. Rf3 Ng3 33. Qf2
Nxf1+ 34. Rxf1 Qh8 35. g3 hxg3+ 36. Rxg3 Bf6 37. Bc2 Bxg5 38. fxg5 Qe5 39.
Qd2 Bd7 40. Kg2 Qb2 41. Rf2 Qh8 42. Rf4 Re5 43. h4 R5e7 44. Qf2 Qb2 45. h5
gxh5 46. Bxf5 Qxf2+ 47. Kxf2 Bxf5 48. Rxf5 Kg7 49. Rf6 Rd7 50. Rh6 Rh8 51.
Rxh8 Kxh8 52. Rh3 Kg7 53. Rxh5 Kg6 54. Rh8 Kxg5 55. Ra8 f5 56. Rxa5 Rh7 57.
Ra8 Rh2+ 58. Kf3 Rh3+ 59. Ke2 Rh2+ 60. Kf3 Rh3+ 61. Kf2 Rh2+ 62. Kf3
1/2-1/2

[Event "ch-FRA National B"]
[Site "Caen FRA"]
[Date "2011.08.15"]
[Round "1"]
[White "Vaisser,A"]
[Black "Cossin,S"]
[Result "1-0"]
[WhiteElo "2536"]
[BlackElo "2502"]
[EventDate "2011.08.15"]

1. d4 Nf6 2. c4 g6 3. Nc3 Bg7 4. e4 d6 5. f4 O-O 6. Nf3 c5 7. d5 e6 8. Be2
exd5 9. cxd5 Bg4 10. O-O Nbd7 11. Qc2 Re8 12. h3 Bxf3 13. Bxf3 c4 14. Be3
Qa5 15. Qf2 Rac8 16. Rae1 Re7 17. Bd4 Nc5 18. Qh4 Nd3 19. Bxf6 1-0

[Event "ch-FRA National B"]
[Site "Caen FRA"]
[Date "2011.08.15"]
[Round "1"]
[White "Apicella,M"]
[Black "Shirazi,K"]
[Result "1-0"]
[WhiteElo "2540"]
[BlackElo "2352"]
[EventDate "2011.08.15"]

1. e4 c5 2. Nf3 d6 3. d4 Nf6 4. Nc3 cxd4 5. Nxd4 Nc6 6. Be2 g6 7. Nb3 Bg7
8. O-O O-O 9. Bg5 Rb8 10. Re1 Re8 11. Qd2 a6 12. a4 Na5 13. Nd4 Qc7 14.
Rad1 b6 15. Bxf6 exf6 16. Nd5 Qd7 17. b4 Nc6 18. Nxc6 Qxc6 19. b5 Qc5 20.
bxa6 Ra8 21. Bb5 Rd8 22. Qe2 Ra7 23. h3 h5 24. Rb1 f5 25. Nb4 fxe4 26. Nc6
Rad7 27. Nxd8 Rxd8 28. Qxe4 Bd4 29. a7 Bxf2+ 30. Kh1 Be6 31. a8=Q Rxa8 32.
Qxa8+ Kg7 33. Rxe6 1-0

[Event "ch-FRA National B"]
[Site "Caen FRA"]
[Date "2011.08.16"]
[Round "2"]
[White "Cornette,M"]
[Black "Shirazi,K"]
[Result "0-1"]
[WhiteElo "2568"]
[BlackElo "2352"]
[EventDate "2011.08.15"]

1. e4 c5 2. Nf3 Nf6 3. e5 Nd5 4. Nc3 e6 5. Nxd5 exd5 6. d4 d6 7. Bb5+ Nc6
8. O-O Be7 9. Be3 c4 10. b3 a6 11. Bxc6+ bxc6 12. exd6 Bxd6 13. Qe2 O-O 14.
bxc4 dxc4 15. Qxc4 Be6 16. Qd3 Qa5 17. Nd2 Qh5 18. f4 Rfe8 19. Rae1 Qf5 20.
Qxf5 Bxf5 21. c3 Bd3 22. Rf3 a5 23. Bf2 Rxe1+ 24. Bxe1 Ba6 25. Nb3 Bc4 26.
Rf2 a4 27. Nd2 Bd3 28. Rf3 Ba6 29. c4 Re8 30. Kf2 Bb4 31. Re3 Rd8 32. c5 g5
33. fxg5 Rxd4 34. Ne4 Kg7 35. Bxb4 Rxb4 36. a3 Rb2+ 37. Kf3 Bf1 38. g4 Rxh2
39. Nf2 h5 40. gxh5 Rxh5 41. Ne4 Bh3 42. Kf4 Kg6 43. Rg3 Be6 44. Ke5 Bb3
45. Rf3 Bd5 46. Rf6+ Kg7 47. Rf5 Rh3 48. Rf4 Be6 49. Nf6 Rxa3 50. Kd6 0-1

[Event "ch-FRA National B"]
[Site "Caen FRA"]
[Date "2011.08.16"]
[Round "2"]
[White "Moussard,J"]
[Black "Apicella,M"]
[Result "1/2-1/2"]
[WhiteElo "2426"]
[BlackElo "2540"]
[EventDate "2011.08.15"]

1. e4 e6 2. d4 d5 3. Nc3 Bb4 4. Nge2 dxe4 5. a3 Be7 6. Nxe4 Nf6 7. N2g3
Nxe4 8. Nxe4 Nc6 9. Be3 O-O 10. f4 b6 11. c3 Bb7 12. Bd3 Bh4+ 13. g3 f5 14.
Nf2 Bf6 15. Rg1 Ne7 16. Qc2 Bf3 17. Bc4 Qd6 18. Nd3 Be4 19. O-O-O Nd5 20.
Bf2 c6 21. Ba2 b5 22. Qe2 Bxd3 23. Rxd3 Rfe8 24. h4 a5 25. Qc2 Rab8 26. Re1
h5 1/2-1/2

[Event "ch-FRA National B"]
[Site "Caen FRA"]
[Date "2011.08.16"]
[Round "2"]
[White "Prie,E"]
[Black "Libiszewski,F"]
[Result "1/2-1/2"]
[WhiteElo "2490"]
[BlackElo "2480"]
[EventDate "2011.08.15"]

1. d4 Nf6 2. Nf3 d5 3. c4 e6 4. Nc3 c6 5. cxd5 exd5 6. Bg5 Be7 7. Qc2 g6 8.
e3 Bf5 9. Bd3 Bxd3 10. Qxd3 Nbd7 11. O-O-O Ng4 12. Bxe7 Qxe7 13. Qc2 f5 14.
Kb1 O-O-O 15. h3 Ngf6 16. g4 fxg4 17. hxg4 Kb8 18. Rhg1 Rhf8 19. Ne1 g5 20.
Nd3 Ne4 21. a3 Rf3 22. Nxe4 Qxe4 23. Rd2 Rdf8 24. Ka2 Nb6 25. b3 Nd7 26.
Kb2 1/2-1/2

[Event "ch-FRA National B"]
[Site "Caen FRA"]
[Date "2011.08.17"]
[Round "3"]
[White "Vaisser,A"]
[Black "Cornette,M"]
[Result "1-0"]
[WhiteElo "2536"]
[BlackElo "2568"]
[EventDate "2011.08.15"]

1. b3 g6 2. Bb2 Nf6 3. g3 Bg7 4. Bg2 O-O 5. Nf3 d6 6. d4 e5 7. dxe5 Ng4 8.
h3 Nxe5 9. Nxe5 dxe5 10. Qxd8 Rxd8 11. Nd2 c6 12. O-O-O Be6 13. Nc4 Rxd1+
14. Rxd1 Nd7 15. Nd6 Rb8 16. a4 Bf8 17. f4 Bg7 18. a5 a6 19. e4 Bh6 20. Rf1
Kf8 21. Ba3 c5 22. Kb1 Ke7 23. fxe5 Bg7 24. Nf5+ Bxf5 25. exf5 Bxe5 26. Re1
Kd6 27. g4 b5 28. axb6 Rxb6 29. Bf1 gxf5 30. gxf5 Bd4 31. Rd1 Kc7 32. Bc1
Ne5 33. Bf4 f6 34. Bd2 Nc6 35. Bc4 Rb8 36. c3 Be5 37. Kc2 Kb6 38. Be3 Na5
39. Be6 Kc6 40. Bd7+ Kc7 41. Be6 Kc6 42. Ra1 Rb5 43. Ra3 Kb6 44. b4 Nb7 45.
Bc4 Bd6 46. Ra1 a5 47. Bxb5 Kxb5 48. c4+ 1-0

[Event "ch-FRA National B"]
[Site "Caen FRA"]
[Date "2011.08.17"]
[Round "3"]
[White "Libiszewski,F"]
[Black "Cossin,S"]
[Result "1-0"]
[WhiteElo "2480"]
[BlackElo "2502"]
[EventDate "2011.08.15"]

1. e4 c5 2. Nf3 d6 3. d4 cxd4 4. Nxd4 Nf6 5. Nc3 a6 6. Be3 e5 7. Nb3 Be6 8.
h3 Nbd7 9. g4 Rc8 10. Qd2 Be7 11. O-O-O b5 12. Kb1 Nb6 13. g5 Nfd7 14. f4
exf4 15. Bxf4 O-O 16. Nd5 Bxd5 17. exd5 Nc4 18. Qg2 Re8 19. Bd3 Bf8 20. h4
g6 21. h5 Bg7 22. hxg6 hxg6 23. Qh2 Nde5 24. Rdf1 Qc7 25. Bxe5 Nxe5 26. Nd4
Nxd3 27. Ne6 Rxe6 28. dxe6 Ne5 29. Rf4 d5 30. c3 Re8 31. Rxf7 Qxf7 32.
exf7+ Kxf7 33. Rf1+ Kg8 34. Qg2 1-0

[Event "ch-FRA National B"]
[Site "Caen FRA"]
[Date "2011.08.17"]
[Round "3"]
[White "Fargere,Fr"]
[Black "Prie,E"]
[Result "1/2-1/2"]
[WhiteElo "2492"]
[BlackElo "2490"]
[EventDate "2011.08.15"]

1. e4 c6 2. d4 d5 3. Nd2 dxe4 4. Nxe4 Nf6 5. Nxf6+ gxf6 6. c3 h5 7. Bc4 Nd7
8. Qb3 e6 9. Nf3 h4 10. O-O h3 11. g3 b5 12. Be2 Nb6 13. Qc2 Bb7 14. b3 Be7
15. c4 c5 16. Rd1 cxd4 17. Nxd4 Qc7 18. cxb5 Qxc2 19. Nxc2 Rc8 20. Nd4 f5
21. Bb2 Bf6 22. Rac1 O-O 23. Ba1 Kg7 24. Kf1 Rfd8 25. Rxc8 Rxc8 26. Ke1 Kg6
27. a4 Be7 28. Bf3 Bb4+ 29. Ke2 Nd5 30. Nc6 Bxc6 31. bxc6 Rxc6 32. Bxd5
exd5 33. Rxd5 Rc2+ 34. Kf3 Bc5 35. Bd4 Bxd4 36. Rxd4 Rc3+ 37. Kf4 Rxb3 38.
Rd6+ f6 39. Rd4 1/2-1/2

[Event "ch-FRA National B"]
[Site "Caen FRA"]
[Date "2011.08.17"]
[Round "3"]
[White "Apicella,M"]
[Black "Lagarde,Max"]
[Result "1/2-1/2"]
[WhiteElo "2540"]
[BlackElo "2433"]
[EventDate "2011.08.15"]

1. c4 g6 2. g3 Bg7 3. Bg2 d6 4. Nc3 Nc6 5. d3 f5 6. e3 Nf6 7. Nge2 O-O 8.
O-O e5 9. f4 Be6 10. Rb1 a5 11. b3 Bf7 12. e4 exf4 13. gxf4 Ne7 14. h3 c6
15. Be3 Qc7 16. Qd2 Rad8 17. Rbc1 Nd7 18. Ng3 Qb8 19. Nce2 Nc5 20. Nd4 Qa7
21. exf5 d5 22. cxd5 Nxd5 23. Nxc6 Nxb3 24. Bxa7 Nxd2 25. Nxd8 Nxf1 26.
fxg6 hxg6 27. Rxf1 Rxd8 28. Kh2 1/2-1/2

[Event "ch-FRA National B"]
[Site "Caen FRA"]
[Date "2011.08.17"]
[Round "3"]
[White "Shirazi,K"]
[Black "Moussard,J"]
[Result "1-0"]
[WhiteElo "2352"]
[BlackElo "2426"]
[EventDate "2011.08.15"]

1. c4 g6 2. e4 Bg7 3. d4 d6 4. Nc3 Nf6 5. Bd3 O-O 6. f4 Bg4 7. Nge2 Nc6 8.
h3 Bxe2 9. Nxe2 e5 10. d5 Nd4 11. Nxd4 exd4 12. O-O Re8 13. Qf3 Nd7 14. Bd2
a5 15. Rae1 Nc5 16. Bb1 Qe7 17. b3 Nd7 18. Qf2 c5 19. a4 b6 20. Bd3 Kh8 21.
g4 f6 22. h4 Kg8 23. Kg2 Qf7 24. Qg3 Qe7 25. Qh3 Rf8 26. Bc2 Bh8 27. Rh1
Rf7 28. g5 Raf8 29. Qe6 Re8 30. Qg4 Ref8 31. Rh3 fxg5 32. hxg5 Ne5 33. Qg3
Nd7 34. Bd3 Ne5 35. Bc2 Nd7 36. Reh1 Ne5 37. Rh4 Nd7 38. Qh3 Ne5 39. Bd1
Nd7 40. Qe6 Ne5 41. Rxh7 Bg7 42. Qh3 Rxf4 43. Bxf4 Rxf4 44. Rh8+ Kf7 45.
Qg3 Nd3 46. Qxd3 Bxh8 47. Rxh8 Qxg5+ 48. Qg3 Qe5 49. Rh7+ Kf6 50. Bf3 d3
51. Rh6 Qb2+ 52. Kh3 Rxf3 53. Qxf3+ Kg7 54. Rh4 d2 55. Rf4 Qa1 56. Rf7+ Kg8
57. Rb7 Qh8+ 58. Kg2 Qe5 59. Kh3 1-0

[Event "ch-FRA National B"]
[Site "Caen FRA"]
[Date "2011.08.18"]
[Round "4"]
[White "Prie,E"]
[Black "Apicella,M"]
[Result "1/2-1/2"]
[WhiteElo "2490"]
[BlackElo "2540"]
[EventDate "2011.08.15"]

1. d4 Nf6 2. Bf4 g6 3. Nc3 d5 4. Qd2 a6 5. Bh6 Bxh6 6. Qxh6 c5 7. dxc5 Qa5
8. e3 Qxc5 9. Nf3 Qb6 10. O-O-O Be6 11. Be2 Nc6 12. Nd4 O-O-O 13. Qf4 Rd6
14. g4 Bd7 15. Nxc6 Bxc6 16. g5 Nd7 17. Bf3 Qc5 18. Rhe1 e5 19. Qg3 Re8 20.
Bg4 Kb8 21. f4 exf4 22. exf4 Rxe1 23. Qxe1 Nb6 24. Qe5 Nc4 25. Qh8+ Ka7 26.
Qd4 Qxd4 27. Rxd4 Kb6 28. b3 Ne3 29. Bh3 Kc5 30. Ne2 Bb5 31. b4+ Kb6 32.
Nc3 Kc6 33. Kd2 Nc4+ 34. Ke1 Ne3 35. Kd2 Nc4+ 36. Ke2 Na3+ 37. Kd1 Nc4 38.
a4 Nb2+ 39. Kd2 Nxa4 40. Nxa4 Bxa4 41. Bg2 Kc7 42. Rxd5 b6 43. Rxd6 Kxd6
44. c4 Bc6 45. Bf1 Ke7 46. b5 axb5 47. cxb5 Bd5 48. Ke3 Kd6 49. Kd4 Bb3 50.
Be2 Ke6 51. Bg4+ f5 52. Be2 Kd6 53. h4 Bf7 54. Bd3 Be6 55. Bf1 Bb3 56. Bg2
Be6 57. Bc6 Bf7 58. Bf3 Be8 59. Bd5 Bxb5 60. Bg8 Ke7 61. Bxh7 Kf7 62. h5
gxh5 63. Bxf5 h4 64. Bh3 Kg6 65. Ke5 Bd3 1/2-1/2

[Event "ch-FRA National B"]
[Site "Caen FRA"]
[Date "2011.08.18"]
[Round "4"]
[White "Wirig,A"]
[Black "Libiszewski,F"]
[Result "1/2-1/2"]
[WhiteElo "2510"]
[BlackElo "2480"]
[EventDate "2011.08.15"]

1. c4 Nf6 2. g3 g6 3. Bg2 Bg7 4. Nf3 c6 5. d4 d5 6. Qb3 O-O 7. O-O Qb6 8.
Nc3 Rd8 9. c5 Qxb3 10. axb3 Na6 11. Bf4 Bf5 12. Ra5 Nb4 13. Ra4 Nc2 14. Rc1
b5 15. Ra6 Nb4 16. Ra5 Ne4 17. Na2 Nxa2 18. Rxa2 Bc8 19. Rca1 Rd7 20. Be3
a6 21. b4 Bb7 22. Ne1 Nf6 23. Bh3 e6 24. Nd3 Ne8 25. Nc1 Bf6 26. Nb3 Bd8
27. Bg2 Ng7 28. f3 Bc7 29. Bf2 Re7 30. e3 Bc8 31. Na5 Bxa5 32. Rxa5 Bb7 33.
g4 e5 34. Bh4 Re6 35. Bf1 exd4 36. exd4 Re3 37. R5a3 Rae8 38. Kf2 R3e6 39.
Bg5 f6 40. Bd2 Kf7 41. Re3 Bc8 42. Rxe6 1/2-1/2

[Event "ch-FRA National B"]
[Site "Caen FRA"]
[Date "2011.08.18"]
[Round "4"]
[White "Vaisser,A"]
[Black "Abergel,T"]
[Result "1-0"]
[WhiteElo "2536"]
[BlackElo "2504"]
[EventDate "2011.08.15"]

1. d4 Nc6 2. Nf3 d5 3. Bf4 Bf5 4. e3 e6 5. Bb5 Bd6 6. Ne5 Nge7 7. g4 Be4 8.
f3 Bg6 9. Bg3 O-O 10. Nxg6 Nxg6 11. f4 f5 12. Nd2 a6 13. Be2 fxg4 14. Bxg4
Qf6 15. Nf3 Nce7 16. Qe2 Nf5 17. O-O-O c5 18. Kb1 Rac8 19. e4 dxe4 20. Qxe4
Rc6 21. Rhe1 cxd4 22. Nxd4 Nxd4 23. Rxd4 Bxf4 24. a3 e5 25. Rd7 b5 26. Bxf4
Nxf4 27. Qxe5 Qxe5 28. Rxe5 Ng6 29. Re2 Rf7 30. Re8+ Nf8 31. Rdd8 Rff6 32.
Bh3 g5 33. Re7 Rcd6 34. Ra8 h5 35. Bg2 g4 36. Be4 h4 37. Raa7 Rf4 38. Rg7+
Kh8 39. Bd3 Rh6 40. Rg5 Ne6 41. Ra8+ Nf8 42. Bf5 Rf6 43. Bxg4 Kh7 44. h3
Ne6 45. Rh5+ Kg6 46. Rxa6 1-0

[Event "ch-FRA National B"]
[Site "Caen FRA"]
[Date "2011.08.19"]
[Round "5"]
[White "Abergel,T"]
[Black "Cornette,M"]
[Result "0-1"]
[WhiteElo "2504"]
[BlackElo "2568"]
[EventDate "2011.08.15"]

1. e4 e6 2. d4 d5 3. Nd2 c5 4. exd5 Qxd5 5. Ngf3 cxd4 6. Bc4 Qd7 7. Qe2 Nc6
8. O-O Nf6 9. Nb3 a6 10. a4 Bd6 11. Rd1 e5 12. Nbxd4 Nxd4 13. Nxd4 Qe7 14.
Nb3 e4 15. Bg5 Qe5 16. f4 exf3 17. Qxe5+ Bxe5 18. Re1 f2+ 19. Kxf2 O-O 20.
h3 Bxb2 21. Rab1 Bc3 22. Bd2 Bxd2 23. Nxd2 Bd7 24. Rxb7 Bxa4 25. Ree7 Bc6
26. Rbc7 Nd5 27. Bxd5 Bxd5 28. c4 Be6 29. Nb3 Rfd8 30. Na5 Rd2+ 31. Kg3 h6
32. Nc6 Bxc4 33. Ne5 Bd5 34. Nxf7 Rxg2+ 35. Kh4 Bxf7 36. Rxf7 Rg6 37. Ra7
Rb8 38. Rf4 Kh7 39. Rg4 Rbb6 40. Kh5 Rb5+ 41. Kh4 Rbb6 42. Kh5 Rxg4 43.
Kxg4 Kg6 44. Ra8 Kf6 45. Rh8 Rb4+ 46. Kg3 Kg5 47. Rc8 Rb3+ 48. Kg2 Rb6 49.
Kg3 Kf5 50. Rg8 g6 51. Rf8+ Ke5 52. Rh8 h5 53. Rd8 Rd6 54. Ra8 Kd5 55. Kf4
Kc5 56. Kg5 Kb5 57. Rb8+ Rb6 58. Re8 a5 59. Re5+ Kb4 60. Re4+ Kc3 0-1

[Event "ch-FRA National B"]
[Site "Caen FRA"]
[Date "2011.08.19"]
[Round "5"]
[White "Libiszewski,F"]
[Black "Vaisser,A"]
[Result "1/2-1/2"]
[WhiteElo "2480"]
[BlackElo "2536"]
[EventDate "2011.08.15"]

1. e4 e6 2. d4 d5 3. Nc3 Nf6 4. Bg5 dxe4 5. Nxe4 Nbd7 6. Nf3 h6 7. Nxf6+
Nxf6 8. Bxf6 Qxf6 9. Bd3 Bd6 10. Qe2 Bd7 11. O-O-O O-O-O 12. Be4 1/2-1/2

[Event "ch-FRA National B"]
[Site "Caen FRA"]
[Date "2011.08.19"]
[Round "5"]
[White "Apicella,M"]
[Black "Cossin,S"]
[Result "1/2-1/2"]
[WhiteElo "2540"]
[BlackElo "2502"]
[EventDate "2011.08.15"]

1. c4 Nf6 2. g3 g6 3. Bg2 Bg7 4. Nc3 O-O 5. d3 c5 6. Nf3 d5 7. cxd5 Nxd5 8.
Bd2 Nc6 9. O-O Nc7 10. Qc1 b6 11. Bh6 Bb7 12. Bxg7 Kxg7 13. Rd1 Rb8 14. e3
e5 15. a3 Qe7 16. d4 cxd4 17. exd4 Rfd8 18. Qe3 exd4 19. Qxe7 Nxe7 20. Nxd4
Bxg2 21. Kxg2 Ncd5 22. Nxd5 1/2-1/2

[Event "ch-FRA National B"]
[Site "Caen FRA"]
[Date "2011.08.20"]
[Round "6"]
[White "Cornette,M"]
[Black "Lagarde,Max"]
[Result "0-1"]
[WhiteElo "2568"]
[BlackElo "2433"]
[EventDate "2011.08.15"]

1. e4 c5 2. Nf3 d6 3. d4 cxd4 4. Nxd4 Nf6 5. Nc3 a6 6. Be3 e6 7. g4 h6 8.
Bg2 Nc6 9. f3 d5 10. exd5 Nxd5 11. Nxd5 Qxd5 12. Nxc6 Qxc6 13. Qe2 Bd7 14.
f4 Qa4 15. Kf2 Rc8 16. b3 Qb4 17. c4 Bc5 18. Rhd1 Bc6 19. Bxc6+ Rxc6 20.
Bxc5 Qxc5+ 21. Qe3 Qe7 22. Rd2 O-O 23. Rad1 b5 24. cxb5 axb5 25. Kg3 Qa3
26. Rd8 Rc8 27. Rxf8+ Rxf8 28. Qe2 Rc8 29. Rd3 Qa7 30. Qf2 Qc7 31. h4 Qc1
32. Qe3 Qa1 33. Rd2 b4 34. Kh2 Qf6 35. g5 Qf5 36. Rg2 Rc3 37. Qd2 Rh3+ 38.
Kg1 Qb1+ 39. Kf2 Rc3 40. Qd8+ Kh7 41. gxh6 Qc2+ 0-1

[Event "ch-FRA National B"]
[Site "Caen FRA"]
[Date "2011.08.20"]
[Round "6"]
[White "Prie,E"]
[Black "Moussard,J"]
[Result "1/2-1/2"]
[WhiteElo "2490"]
[BlackElo "2426"]
[EventDate "2011.08.15"]

1. d4 Nf6 2. Bf4 g6 3. e3 Bg7 4. Nf3 d6 5. Be2 O-O 6. O-O Nfd7 7. h3 e5 8.
Bh2 Nc6 9. c4 exd4 10. exd4 Qf6 11. Nc3 Nxd4 12. Nxd4 Qxd4 13. Nd5 Qxb2 14.
Rb1 Qxa2 15. Nxc7 Nc5 16. Nxa8 Bf5 17. Rb5 Ne4 18. Bf3 Rxa8 19. g4 Nc3 20.
Qb3 Be4 21. Bxe4 Qxb3 22. Rxb3 Nxe4 23. Rxb7 a5 24. Rfb1 Bd4 25. Rb8+ Rxb8
26. Rxb8+ Kg7 27. Kg2 Nd2 28. Bxd6 Nxc4 29. Be7 h6 30. Ra8 Bb6 31. Bd8 Bxd8
32. Rxd8 g5 33. Rc8 Ne5 34. Rc5 Nd3 35. Rxa5 Nf4+ 36. Kg3 Ng6 37. Kf3 Nh4+
38. Ke4 Ng6 39. Ra7 Kf6 40. Ra6+ Kg7 41. Rb6 Kh7 42. Kf5 Ne7+ 43. Ke5 Kg7
44. Rb7 Ng6+ 45. Kd6 Nf4 46. Ke7 Nxh3 47. Ke8 Kg6 48. Rxf7 h5 49. f3 Ng1
50. Ke7 h4 51. Rf6+ Kg7 52. Rf7+ Kg6 53. Kf8 h3 54. Rg7+ Kf6 55. Rh7 Ke5
56. Kg7 1/2-1/2

[Event "ch-FRA National B"]
[Site "Caen FRA"]
[Date "2011.08.20"]
[Round "6"]
[White "Cossin,S"]
[Black "Shirazi,K"]
[Result "1/2-1/2"]
[WhiteElo "2502"]
[BlackElo "2352"]
[EventDate "2011.08.15"]

1. d4 Nf6 2. Nf3 c5 3. c4 cxd4 4. Nxd4 e5 5. Nf3 Nc6 6. Nc3 Bb4 7. Bd2 O-O
8. a3 Bxc3 9. Bxc3 e4 10. Nd4 e3 11. f3 Ne5 12. Nf5 Nxc4 13. Qd4 d5 14.
Nxg7 Kxg7 15. g4 h6 16. h4 Qd6 17. Rg1 Re8 18. g5 Bf5 19. O-O-O Rac8 20.
Qxf6+ Qxf6 21. gxf6+ Kf8 22. Rxd5 Re5 23. Rxe5 Nxe5 24. Rg3 Rc4 25. Bh3
Bxh3 26. Rxh3 Ng6 27. Rh1 Ke8 28. h5 Nf4 29. Kc2 Rc5 30. Rh4 Nxe2 31. Re4+
Kd7 32. Rxe3 Nd4+ 33. Kd3 Nc6 34. f4 Rxh5 35. Ke4 a5 36. Re2 b5 37. Kf3 b4
38. Kg4 Rb5 39. axb4 axb4 40. Be1 h5+ 41. Kh3 Rf5 42. Re4 Kd6 43. Rc4 Kd5
44. b3 Nd4 45. Bg3 Nc6 46. Kh4 Rxf6 47. Be1 Nd4 48. Kxh5 Rxf4 49. Rxb4 Rf3
50. Rb8 Nxb3 51. Kg4 Re3 52. Rd8+ Kc6 53. Bf2 Re2 54. Kf3 Re6 55. Be3 Rf6+
56. Kg4 Rf1 57. Bf4 Nc5 58. Rd6+ Kb5 59. Rf6 Rg1+ 60. Kf5 Rg7 61. Rd6 Rh7
62. Rh6 Rg7 63. Kf6 Ne6 64. Be5 Kc5 65. Ke7 Rg6 66. Rxg6 1/2-1/2

[Event "ch-FRA National B"]
[Site "Caen FRA"]
[Date "2011.08.20"]
[Round "6"]
[White "Vaisser,A"]
[Black "Fargere,Fr"]
[Result "1-0"]
[WhiteElo "2536"]
[BlackElo "2492"]
[EventDate "2011.08.15"]

1. d4 d5 2. c4 c6 3. Nc3 dxc4 4. e3 b5 5. a4 b4 6. Na2 e6 7. Bxc4 Nf6 8.
Bd2 a5 9. Nc1 Bb7 10. Nf3 Nbd7 11. O-O Be7 12. Qe2 O-O 13. e4 c5 14. e5 Nd5
15. Nb3 N5b6 16. Bb5 c4 17. Nc1 Nb8 18. Be3 Qd5 19. Qc2 Na6 20. b3 Rac8 21.
bxc4 Nxc4 22. Qe2 Nb8 23. Nd3 Ba6 24. Nf4 Qb7 25. Bxa6 Nxa6 26. Rfc1 Nxe3
27. fxe3 Rc3 28. Qb5 Qe4 29. Rxc3 bxc3 30. Qd3 Qc6 31. d5 exd5 32. Nxd5 Bb4
33. Ng5 Qg6 34. Ne4 Re8 35. Rc1 Nb8 36. Rxc3 Nd7 37. Nxb4 Nxe5 38. Qb5 Nf3+
39. Kf2 Qxe4 40. gxf3 Qh4+ 41. Kg2 Rd8 42. Nd3 h6 43. Qxa5 Rd6 44. Rc8+ Kh7
45. Nf4 1-0

[Event "ch-FRA National B"]
[Site "Caen FRA"]
[Date "2011.08.20"]
[Round "6"]
[White "Abergel,T"]
[Black "Libiszewski,F"]
[Result "1-0"]
[WhiteElo "2504"]
[BlackElo "2480"]
[EventDate "2011.08.15"]

1. e4 e6 2. d4 d5 3. Nd2 c5 4. Ngf3 cxd4 5. Nxd4 Nf6 6. e5 Nfd7 7. N2f3 Nc6
8. Bf4 Be7 9. Be2 a6 10. O-O Qb6 11. c4 Nxd4 12. Nxd4 dxc4 13. Bxc4 O-O 14.
Nb3 Qb4 15. Qc1 Nb6 16. Bd3 Nd5 17. Bd2 Qh4 18. f4 Bd7 19. Rf3 f5 20. Bc4
Rfc8 21. Qf1 Nb6 22. Rh3 Qxh3 23. Bxe6+ Bxe6 24. gxh3 Bd5 25. Rc1 Rxc1 26.
Bxc1 Rc8 27. Be3 Nc4 28. Qd3 Nxe3 29. Qxe3 Be4 30. Qd4 Bh4 31. Nc5 Rd8 32.
Qc4+ Bd5 33. Qc2 b6 34. Nd3 Be4 35. Qc4+ Kh8 36. Nf2 Bd5 37. Qd3 g6 38.
Qxa6 Bf3 39. e6 Be7 40. Qxb6 Rd6 41. Qc7 1-0

[Event "ch-FRA National B"]
[Site "Caen FRA"]
[Date "2011.08.22"]
[Round "7"]
[White "Libiszewski,F"]
[Black "Cornette,M"]
[Result "1/2-1/2"]
[WhiteElo "2480"]
[BlackElo "2568"]
[EventDate "2011.08.15"]

1. e4 e5 2. Nf3 Nc6 3. Bb5 a6 4. Bxc6 dxc6 5. O-O f6 6. d4 exd4 7. Nxd4 c5
8. Ne2 Qxd1 9. Rxd1 Bd7 10. Nbc3 O-O-O 11. Be3 1/2-1/2

[Event "ch-FRA National B"]
[Site "Caen FRA"]
[Date "2011.08.22"]
[Round "7"]
[White "Fargere,Fr"]
[Black "Abergel,T"]
[Result "1-0"]
[WhiteElo "2492"]
[BlackElo "2504"]
[EventDate "2011.08.15"]

1. e4 c5 2. Nf3 e6 3. d4 cxd4 4. Nxd4 Nf6 5. Nc3 Nc6 6. Ndb5 d6 7. Bf4 e5
8. Bg5 a6 9. Na3 b5 10. Nd5 Be7 11. Bxf6 Bxf6 12. c4 b4 13. Nc2 Rb8 14. Qf3
Bg5 15. g3 O-O 16. h4 Bh6 17. g4 f6 18. Be2 Be6 19. Rd1 Qa5 20. Qb3 Qc5 21.
Qd3 Rf7 22. Rg1 g6 23. Nde3 Bxe3 24. Qxe3 Qa5 25. Qb3 Rd8 26. h5 g5 27. Kf1
Qc5 28. Qd3 Na5 29. b3 Nb7 30. Ne3 Qb6 31. Qc2 Nc5 32. Kg2 a5 33. Rb1 Ra7
34. Bf3 a4 35. bxa4 Rxa4 36. Rb2 Ra3 37. Rgb1 Rb8 38. Qd2 Ra4 39. Bd1 Nxe4
40. Qe1 Raa8 41. Rxb4 Qa7 42. Bf3 Nc5 43. Bxa8 Qxa8+ 44. Kg1 Rxb4 45. Qxb4
Qxa2 46. Qb8+ Kg7 47. Rd1 Qe2 48. Qxd6 1-0

[Event "ch-FRA National B"]
[Site "Caen FRA"]
[Date "2011.08.22"]
[Round "7"]
[White "Apicella,M"]
[Black "Vaisser,A"]
[Result "1/2-1/2"]
[WhiteElo "2540"]
[BlackElo "2536"]
[EventDate "2011.08.15"]

1. d4 e6 2. e4 d5 3. Nc3 dxe4 4. Nxe4 Nd7 5. Nf3 Ngf6 6. Bg5 h6 7. Nxf6+
Nxf6 8. Bh4 c5 9. Bb5+ Bd7 10. Bxd7+ Qxd7 11. Qe2 Be7 12. O-O-O O-O 13.
dxc5 Qc6 14. Ne5 Qxc5 15. Bxf6 Bxf6 16. Nd7 Bxb2+ 17. Kxb2 Qb4+ 18. Kc1
Qa3+ 19. Kb1 Qb4+ 20. Kc1 Qa3+ 21. Kd2 Rfd8 22. Ke1 Qa4 23. Qd3 Rac8 24.
Rd2 Kh8 25. Qb3 Qe4+ 26. Qe3 Qb4 27. Qb3 Qe4+ 28. Qe3 Qb4 29. Qb3 Qe4+ 30.
Qe3 1/2-1/2

[Event "ch-FRA National B"]
[Site "Caen FRA"]
[Date "2011.08.22"]
[Round "7"]
[White "Moussard,J"]
[Black "Cossin,S"]
[Result "1/2-1/2"]
[WhiteElo "2426"]
[BlackElo "2502"]
[EventDate "2011.08.15"]

1. c4 Nf6 2. g3 e6 3. Bg2 d5 4. Nf3 Be7 5. O-O O-O 6. d4 dxc4 7. Ne5 Nc6 8.
Nxc6 bxc6 9. Bxc6 Rb8 10. e3 Nd5 11. Qa4 Nb4 12. Be4 Bd7 13. Qd1 c5 14. Na3
Bc6 15. Bxc6 Nxc6 16. dxc5 Qd5 17. Qe2 Ne5 18. e4 Qxc5 19. Bf4 c3 20. Bxe5
Qxe5 21. Nc4 Rxb2 22. Nxb2 cxb2 23. Rab1 Rb8 24. Rfd1 Bf6 25. f4 Qc5+ 26.
Kg2 Bc3 27. Rd3 g6 28. Qe3 Qxe3 29. Rxe3 Bd4 30. Rd3 e5 31. Kf3 Rb4 32. Ke2
Ra4 33. a3 Kg7 34. Kd2 Rc4 35. Rb3 h5 36. Kd3 Rc1 37. R3xb2 Bxb2 38. Rxb2
exf4 39. gxf4 Ra1 40. Rb3 Ra2 41. h3 a5 42. e5 a4 43. Rc3 h4 44. Ke4 Kh6
45. Kd5 Rd2+ 46. Kc5 Rf2 47. Rc4 Rf3 48. Rxa4 Rxh3 49. Kd6 Rf3 50. f5 gxf5
51. Rxh4+ Kg5 52. Ra4 Re3 53. Ra7 Kg6 54. Kd5 f6 55. a4 1/2-1/2

[Event "ch-FRA National B"]
[Site "Caen FRA"]
[Date "2011.08.23"]
[Round "8"]
[White "Cornette,M"]
[Black "Prie,E"]
[Result "0-1"]
[WhiteElo "2568"]
[BlackElo "2490"]
[EventDate "2011.08.15"]

1. d4 Nf6 2. c4 e6 3. g3 d5 4. Nf3 dxc4 5. Bg2 a6 6. Ne5 c5 7. Be3 Nbd7 8.
Nxc4 Nd5 9. O-O b5 10. dxc5 Nxc5 11. Na5 Qxa5 12. Bxd5 exd5 13. Bxc5 Bxc5
14. Qxd5 O-O 15. Qxc5 Bb7 16. Nc3 Rac8 17. Qe7 Qb6 18. Rad1 Rfe8 19. Qd7
Rcd8 20. Qf5 g6 21. Qg5 b4 22. Nd5 Rxd5 23. Rxd5 h6 24. Qd2 Bxd5 25. Qxd5
Rxe2 26. Qb3 a5 27. a3 h5 28. axb4 axb4 29. h4 Qd4 30. Qf3 Rxb2 31. Rd1 Rd2
32. Re1 Rd3 33. Qa8+ Kg7 34. Kg2 Rd2 35. Qf3 Qd5 36. Rb1 Qd4 37. Re1 Rd3
38. Qb7 Qd5+ 39. Qxd5 Rxd5 40. Rb1 Rb5 41. Rb3 Kf6 42. Kf3 Kf5 43. Ke3 Kg4
44. Kd4 f6 45. Kc4 Rb8 46. Kd5 g5 47. Kc6 Kh3 48. Kc7 Rb5 49. Kd6 Rf5 50.
hxg5 fxg5 51. f4 gxf4 52. Ke6 Rb5 53. gxf4+ Kg4 54. Rxb4 Rf5 55. Rb1 0-1